Logo BPK

Biblioteka

Politechniki Koszalińskiej

Smalltalk-80 : (Rekord nr 23884)

Szczegóły MARC
000 -ETYKIETA REKORDU
podpole kontrolne o stałej długości 00671nam a2200217 i 4500
001 - NUMER KONTROLNY REKORDU
pole kontrolne bg
020 ## - MIĘDZYNARODOWY ZNORMALIZOWANY NUMER KSIĄŻKI - ISBN
ISBN 0201113716
040 ## - ŹRÓDŁO KATALOGOWANIA
Instytucja, która utworzyła rekord BPK
041 ## - KOD JĘZYKA
Kod języka tekstu pol
080 ## - UNIWERSALNA KLASYFIKACJA DZIESIĘTNA - UKD
UKD 681.322.06
920 ## - Międzynarodowy znormalizowany numer książki – ISBN
ISBN 0-201-11371-6
008 - POLE O STAŁEJ DŁUGOŚCI - DANE KONTROLNE
podpole kontrolne o stałej długości s pl f |000 0 pol
100 1# - NAZWA OSOBOWA
Nazwa osobowa GOLDBERG, Adele
245 #0 - TYTUŁ/ODPOWIEDZIALNOŚĆ
Tytuł Smalltalk-80 :
Ciąg dalszy tytułu the language and its implementation /
Pozostałe elementy strefy tytułu i oznaczenia odpowiedzialności Adele Goldberg, David Robson.
260 ## - STREFA ADRESU WYDAWNICZEGO
Miejsce wydania Reading, Massachusetts :
Nazwa wydawcy/dystrybutora Addison-Wesley Publ. Co,
Data publikacji, dystrybucji/powstania dokumentu 1985.
300 ## - STREFA OPISU FIZYCZNEGO
Objętość XX, 714 s. :
Inne cechy fizyczne rys., wykr. ;
Rozmiary 24 cm.
490 1# - STREFA SERII I DOKUMENTU WIELOCZĘŚCIOWEGO - FORMA NIE DO WYSZUKIWANIA
Tytuł i oznaczenie odpowiedzialności serii Addison-Wesley Series in Computer Science
700 1# - HASŁO DODATKOWE - NAZWA OSOBOWA
Nazwa osobowa ROBSON, David
830 ## - HASŁO DODATKOWE SERII LUB DOKUMENTU WIELOCZĘŚCIOWEGO - TYTUŁ UJEDNOLICONY
Tytuł ujednolicony Addison-Wesley Series in Computer Science
856 ## - LOKALIZACJA I DOSTĘP DO ELEKTRONICZNYCH DOKUMENTÓW ZDALNYCH
Link (URL) http://koha.tu.koszalin.pl/cgi-bin/koha/opac-detail.pl?biblionumber=23884
Tekst linku Katalog online BPK
942 ## - DODATKOWE ELEMENTY (KOHA)
Typ dokumentu Książka
Egzemplarze
Wycofany Status egzemplarza Uszkodzony Dostępność Lokalizacja stała Lokalizacja bieżąca Miejsce przechowywania Sygnatura Kod kreskowy Typ dokumentu
      Dostępny Biblioteka Politechniki Koszalińskiej Biblioteka Politechniki Koszalińskiej Wypożyczalnia BG 34128 01586787 Książka
© 2023 Biblioteka Politechniki Koszalińskiej :: KOHA